00623nam a22001817a 4500003000900000008004100009040007100050082002400121100002200145245004600167260003200213300003000245440002400275505007200299650001300371650001300384700004400397AR-CdUCM190328b ||||| |||| 00| 0 spa d aMUNICIPALIDAD PROVINCIAL DEL CUSCOcBIBLIOTECA MUNICIPAL DEL CUSCO a335.6 /bM96 / 1933 aMussolini, Benito aEl fascismo :bdoctrina e instituciones / aBuenos Aires :bTor,c1933. a171 páginas ;c18.5 cm. aEl mundo de hoy.n2 aContenido: La doctrina del facismo -- Los fundamentos del fascismo. aFascismo aHistoria aGarcia Manchon, Gregorio (traducción)